000 01325cam a2200349 a 4500
001 2928
003 FISKH
005 20240124083608.0
008 120313s2012 nyub d 000 1 eng
010 _a 2012003818
020 _a9780525423621 (hardcover)
020 _a9780545500142
040 _aDLC
_cDLC
_dDLC
_beng
042 _alcac
_apcc
050 0 0 _aPZ7.C9149
_bJou 2012
082 0 0 _a[Fic]
_223
100 1 _aCummings, Priscilla,
_d1951-
245 1 4 _aThe journey back /
_cPriscilla Cummings.
250 _aFirst Scholastic paperback printing, September 013
260 _aNew York :
_bScholastic,
_c2012
300 _a243 pages :
_bmap ;
_c20 cm
520 _aAfter breaking out of juvenile detention, fourteen-year-old Digger stops his trek across Maryland at a campground where he recovers from injuries, cares for little Luke, works with smart and pretty Nora, and begins to understand how his behavior and choices shape his life.
650 1 _aFugitives from justice
_vFiction.
650 1 _aConduct of life
_vFiction.
650 1 _aComing of age
_vFiction.
650 1 _aCamping
_vFiction.
650 1 _aVoyages and travels
_vFiction.
650 1 _aJuvenile detention homes
_vFiction.
651 1 _aMaryland
_vFiction.
906 _a7
_bcbc
_corignew
_d1
_eecip
_f20
_gy-gencatlg
942 _2ddc
_cEREADER
_n0
999 _c2928
_d2928